Catálogo
 En Linea

Estadísticas educativas : (Registro nro. 47183)

Detalles MARC
000 -CABECERA
campo de control de longitud fija 00989nam a2200217 a 4500
001 - NÚMERO DE CONTROL
campo de control 000047695
005 - FECHA Y HORA DE LA ÚLTIMA TRANSACCIÓN
campo de control 20201002060701.0
008 - DATOS DE LONGITUD FIJA--INFORMACIÓN GENERAL
campo de control de longitud fija 110411s1999 dr a 000 0 spa d
040 ## - FUENTE DE LA CATALOGACIÓN
Centro catalogador/agencia de origen DO-SdBNP
Lengua de catalogación spa
Centro/agencia transcriptor BNPHU
082 ## - NÚMERO DE LA CLASIFICACIÓN DECIMAL DEWEY
Número de clasificación 370.97293021
Número de documento/Ítem E79e, 1999
110 2# - ENTRADA PRINCIPAL--NOMBRE DE ENTIDAD CORPORATIVA
Nombre de entidad corporativa o nombre de jurisdicción como elemento de entrada República Dominicana
Unidad subordinada Secretaría de Estado de Educacion y cultura
-- Oficina de planificación educativa
-- Departamento de estadística
9 (RLIN) 75300
245 10 - MENCIÓN DE TÍTULO
Título Estadísticas educativas :
Resto del título 1997-1998 /
Mención de responsabilidad, etc. introducción Rafael De Lancer Sánchez.
246 14 - FORMA VARIANTE DE TÍTULO
Título propio/Titulo breve Estadísticas educativas, 1997-1998
260 ## - PUBLICACIÓN, DISTRIBUCIÓN, ETC.
Lugar de publicación, distribución, etc. Santo Domingo :
Nombre del editor, distribuidor, etc. Secretaría de Estado de Educación y Cultura,
Fecha de publicación, distribución, etc. 1999.
300 ## - DESCRIPCIÓN FÍSICA
Extensión xx, 749 p. :
Otras características físicas il. ;
Dimensiones 28 cm.
500 ## - NOTA GENERAL
Nota general Incluye indice de gráficos y mapas.
590 ## - NOTA LOCAL (RLIN)
Nota local Inventariado, 2018/YL
650 #4 - PUNTO DE ACCESO ADICIONAL DE MATERIA--TÉRMINO DE MATERIA
Término de materia o nombre geográfico como elemento de entrada Educación
Subdivisión geográfica República Dominicana
Subdivisión general Estadísticas
Subdivisión cronológica 1990-1991
9 (RLIN) 55724
650 #4 - PUNTO DE ACCESO ADICIONAL DE MATERIA--TÉRMINO DE MATERIA
Término de materia o nombre geográfico como elemento de entrada Educación
Subdivisión geográfica República Dominicana
Subdivisión general Estadísticas
Subdivisión cronológica 1993-1994
9 (RLIN) 55725
700 12 - PUNTO DE ACCESO ADICIONAL--NOMBRE DE PERSONA
Nombre de persona De Lancer Sánchez, Rafael
Término indicativo de función/relación int.
9 (RLIN) 75301
Existencias
Estado de retiro Estado de pérdida No para préstamo Código de colección Localización permanente Ubicación/localización actual Ubicación en estantería Fecha de adquisición Número de inventario Total de préstamos Signatura topográfica completa Código de barras Fecha visto por última vez Precio válido a partir de Tipo de ítem Koha
    Excluido de préstamo Patrimonio Dominicano Patrimonio Dominicano Patrimonio Dominicano En catalogación 20.07.2018 LF1   370.97293021 E79e, 1999 47695-10 25.06.2020 25.06.2020 Libro y Folleto Colección Patrimonio Dominicano

Con tecnología Koha